| 000 | 00617nam a2200229Ia 4500 | ||
|---|---|---|---|
| 008 | 180523s9999 xx 000 0 und d | ||
| 020 | _a0-87389-611-4 | ||
| 050 | _aMAIN HD 58.8 | ||
| 050 | _b.P35 2004 | ||
| 100 | _aPalmer, Brien. | ||
| 245 | 0 | _aMaking change work : | |
| 245 | 0 | _bpractical tools for overcoming human resistance to change / | |
| 245 | 0 | _cBrien Palmer. | |
| 260 | _aMilwaukee, Wisconsin : | ||
| 260 | _bAsc Quality Press, | ||
| 260 | _c2004 | ||
| 300 | _a86 pages : | ||
| 300 | _billustrations ; | ||
| 300 | _c23 cm. | ||
| 500 | _aIncludes index. | ||
| 650 | _aOrganizational change. | ||
| 999 |
_c356928 _d356928 |
||